Statistics for All 50k+ Cities in Sweden with a Map

Click here to take the quiz!

General Stats

  • This quiz has been taken 2,383 times
  • The average score is 16 of 24

Answers on the Map

Answers color-coded by a green-red scale on the quiz's map according to % correct below.
 

Answer Stats

PopulationCity% Correct
1,515,017Stockholm
100%
600,473Gothenburg
98%
321,845Malmö
98%
164,535Uppsala
90%
89,607Umeå
80%
114,582Linköping
79%
99,373Jönköping
78%
97,979Norrköping
78%
125,817Örebro
75%
112,496Helsingborg
74%
93,577Lund
72%
127,799Västerås
69%
77,699Gävle
62%
65,273Karlstad
60%
70,489Växjö
56%
58,955Sundsvall
55%
52,616Östersund
53%
73,649Borås
52%
70,480Halmstad
52%
70,729Eskilstuna
49%
75,068Södertälje
49%
50,300Trollhättan
40%
82,429Solna
33%
52,823Sundbyberg
13%

Score Distribution

Percentile by Number Answered

Percent of People with Each Score

Your Score History

You have not taken this quiz